Collaborative Action Research for English Language Teacher/ (Record no. 210454)

MARC details
000 -LEADER
fixed length control field 00644nam a22001937a 4500
005 - DATE AND TIME OF LATEST TRANSACTION
control field 20250324152433.0
010 ## - LCCN (DPL NO)
LC control number ENG-144234
020 ## - INTERNATIONAL STANDARD BOOK NUMBER
International Standard Book Number 9780521189941
Terms of availability 295.00
035 ## - SYSTEM CONTROL NUMBER
System control number EN-127766
037 ## - SOURCE OF ACQUISITION
Source of stock number/acquisition DBAD
082 ## - DEWEY DECIMAL CLASSIFICATION NUMBER
Classification number 425
100 ## - MAIN ENTRY--PERSONAL NAME
Personal name Burns, Anne
245 ## - TITLE STATEMENT
Title Collaborative Action Research for English Language Teacher/
Remainder of title Anne Burns
260 ## - PUBLICATION, DISTRIBUTION, ETC. (IMPRINT)
Place of publication, distribution, etc New Delhi
Name of publisher, distributor, etc Cambridge University Press
Date of publication, distribution, etc 2010
270 ## - ADDRESS
Address c/o Cambridge University Press Pvt. Ltd. Cambridge House, 4381/4, Ansari Road, Daryaganj
City New Delhi
Postal code 110002
300 ## - PHYSICAL DESCRIPTION
Extent ix,259p
Dimensions 22.4 cm.(Pb)
700 ## - ADDED ENTRY--PERSONAL NAME
9 (RLIN) 76691
942 ## - ADDED ENTRY ELEMENTS (KOHA)
Source of classification or shelving scheme Dewey Decimal Classification
Item type English Books
Classification part 425
Call number suffix BUR
Edition 1
Holdings
Withdrawn status Lost status Not for loan Collection code Home library Current library Date acquired Source of acquisition Cost, normal purchase price Full call number Barcode Copy number Cost, replacement price Koha item type
      Non-fiction Patel Nagar Patel Nagar 24/03/2025 DBAD 295.00 425 BUR EN-127766 1 295.00 English Books

© Delhi Public Library
Hit Counter
free hit counter